[Event "Izmir op 16th"]
[Site "Izmir"]
[Date "2017.09.09"]
[Round "7"]
[White "Bilyap, Enis"]
[Black "Magalashvili, Davit"]
[Result "0-1"]
[WhiteElo "1999"]
[BlackElo "2512"]
[PlyCount "72"]
[EventDate "2017.09.05"]
[EventType "swiss"]
[EventRounds "9"]
[EventCountry "TUR"]
[SourceTitle "CBM 180 Extra"]
[Source "ChessBase"]
[SourceDate "2017.10.06"]
[SourceVersion "1"]
[SourceVersionDate "2017.10.06"]
[SourceQuality "1"]

1. d4 Nf6 2. Nf3 g6 3. Bf4 Bg7 4. e3 0-0 5. Be2 d6 6. h3 Nfd7 7. c3 e5 8. Bh2 Nc6 9. Nbd2 Qe7 10. dxe5 dxe5 11. 0-0 a5 12. Qc2 Nc5 13. Rad1 Kh8 14. Rfe1 f5 15. Bf1 g5 16. Bg3 g4 17. hxg4 fxg4 18. Nh4 e4 19. b4 axb4 20. cxb4 Nxb4 21. Qc4 Ra4 22. Nb3 Nbd3 23. Qd5 Be6 24. Qh5 Kg8 25. Bxd3 Nxd3 26. Re2 Qf7 27. Qb5 Rxa2 28. Rxa2 Bxb3 29. Rxd3 exd3 30. Rd2 Bc2 31. e4 Qe6 32. Rxd3 Bxd3 33. Qxd3 Re8 34. Nf5 Qxe4 35. Qd7 Bf8 36. Bxc7 Qc6 0-1

[Event "TUR-chT2"]
[Site "Konya"]
[Date "2016.07.17"]
[Round "1.2"]
[White "Bilyap, Enis"]
[Black "Ozkan, Ervin"]
[Result "1-0"]
[WhiteElo "2007"]
[BlackElo "2239"]
[PlyCount "271"]
[EventDate "2016.07.17"]
[EventType "team-swiss"]
[EventRounds "9"]
[EventCountry "TUR"]
[SourceTitle "CBM 173 Extra"]
[Source "ChessBase"]
[SourceDate "2016.08.29"]
[SourceVersion "1"]
[SourceVersionDate "2016.08.29"]
[SourceQuality "1"]
[WhiteTeam "Izmir Karsiyaka"]
[BlackTeam "Bursa Buyuksehir"]
[WhiteTeamCountry "TUR"]
[BlackTeamCountry "TUR"]

1. d4 d5 2. c4 c6 3. Nf3 Nf6 4. cxd5 cxd5 5. Nc3 Nc6 6. Bf4 e6 7. e3 Bd6 8. Bxd6 Qxd6 9. Bd3 0-0 10. 0-0 b6 11. Rc1 Bb7 12. Qe2 Rfc8 13. a3 a6 14. Na4 Rc7 15. Rc2 Rac8 16. Rfc1 Nb8 17. Ne5 g6 18. Rxc7 Rxc7 19. Rxc7 Qxc7 20. Qc2 Qxc2 21. Bxc2 Nbd7 22. Nxd7 Nxd7 23. h4 Kf8 24. Kh2 Ke7 25. Kg3 Bc6 26. Nc3 e5 27. Bd3 b5 28. b4 Kf6 29. f4 e4 30. Be2 Ke6 31. Kf2 h5 32. g4 hxg4 33. Bxg4+ f5 34. Be2 Nb6 35. Ke1 Be8 36. Kd2 Kf6 37. Kc2 Kg7 38. a4 bxa4 39. Bxa6 Kf6 40. Be2 Ke6 41. Kb2 Nd7 42. Nxa4 Nf6 43. Nc5+ Kd6 44. Kc3 Kc6 45. Kd2 Kb6 46. Ne6 Ng8 47. Ng7 Bb5 48. h5 Bxe2 49. Kxe2 gxh5 50. Nxf5 Kb5 51. Kf2 Kxb4 52. Kg3 Kc3 53. Kh4 Nf6 54. Kg5 Ne8 55. Kxh5 Kd3 56. Kg6 Nc7 57. Kf7 Nb5 58. Ke6 Nc3 59. Kd6 Nd1 60. Kxd5 Nxe3+ 61. Nxe3 Kxe3 62. f5 Kd3 63. f6 e3 64. f7 e2 65. f8Q e1Q 66. Qa3+ Kc2 67. Qa2+ Kd3 68. Qb3+ Ke2 69. Qc2+ Kf1 70. Qf5+ Kg1 71. Qg4+ Kh2 72. Qf4+ Kg1 73. Qe5 Qc3 74. Kd6 Qb4+ 75. Ke6 Qf8 76. Kd7 Qf7+ 77. Kc6 Qc4+ 78. Qc5 Qe6+ 79. Kc7 Qf7+ 80. Kc6 Qe6+ 81. Kb7 Qd7+ 82. Kb6 Qd8+ 83. Kb5 Qd7+ 84. Kb4 Qb7+ 85. Ka5 Qa8+ 86. Kb6 Qb8+ 87. Kc6 Qc8+ 88. Kd6 Qd8+ 89. Ke5 Qh8+ 90. Ke4 Qh1+ 91. Ke3 Qh3+ 92. Kd2 Qg2+ 93. Kc1 Qf1+ 94. Kb2 Qe2+ 95. Qc2 Qb5+ 96. Kc1 Qg5+ 97. Qd2 Qd5 98. Qe1+ Kg2 99. Qe2+ Kg1 100. Qe3+ Kg2 101. Kb2 Kh1 102. Qe1+ Kg2 103. Qe5 Qb7+ 104. Kc1 Qc6+ 105. Kd2 Qh6+ 106. Qe3 Qc6 107. Ke2 Qc4+ 108. Ke1 Qd5 109. Qe5 Qc6 110. d5 Qc1+ 111. Ke2 Qc2+ 112. Ke3 Qc1+ 113. Ke4 Qc2+ 114. Kf4 Qd2+ 115. Kg4 Kh1 116. d6 Qd1+ 117. Kg5 Qd2+ 118. Kg6 Qd3+ 119. Kg7 Qg3+ 120. Kf6 Qh4+ 121. Ke6 Qg4+ 122. Qf5 Qg8+ 123. Qf7 Qc8+ 124. Ke7 Qb7+ 125. d7 Qb4+ 126. Ke8 Qb5 127. Kf8 Qc5+ 128. Kg8 Qg5+ 129. Qg7 Qd5+ 130. Kh8 Qa8+ 131. Qg8 Qa1+ 132. Kh7 Qb1+ 133. Qg6 Qb7 134. Qd6 Qe4+ 135. Kg7 Qg4+ 136. Kh8 1-0

[Event "Izmir op 12th"]
[Site "Izmir"]
[Date "2013.09.03"]
[Round "3"]
[White "Bilyap, Enis"]
[Black "Rozum, Ivan"]
[Result "0-1"]
[WhiteElo "2067"]
[BlackElo "2525"]
[PlyCount "68"]
[EventDate "2013.09.01"]
[EventType "swiss"]
[EventRounds "9"]
[EventCountry "TUR"]
[SourceTitle "CBM 156 Extra"]
[Source "ChessBase"]
[SourceDate "2013.10.22"]
[SourceVersion "1"]
[SourceVersionDate "2013.10.22"]
[SourceQuality "1"]

1. c4 Nf6 2. Nc3 e6 3. e4 c5 4. g3 d5 5. e5 Nfd7 6. f4 Nb6 7. cxd5 Nxd5 8. Nxd5 Qxd5 9. Qf3 Nc6 10. Bb5 Bd7 11. Qxd5 exd5 12. Bxc6 Bxc6 13. Nf3 d4 14. 0-0 Be4 15. b3 Be7 16. Bb2 a5 17. a3 0-0 18. Kf2 Ra6 19. b4 Rb6 20. Rfc1 axb4 21. axb4 Rxb4 22. Ba3 Rb3 23. Ng5 Bxg5 24. Bxc5 Bd8 25. Ra8 Be7 26. Rxf8+ Kxf8 27. Bxd4 Bc6 28. Ra1 Ra3 29. Rc1 Ke8 30. Be3 Kd7 31. f5 Ra5 32. Bf4 g5 33. fxg6 hxg6 34. h4 Ke6 0-1

[Event "Izmir op 10th"]
[Site "Izmir"]
[Date "2011.09.02"]
[Round "3"]
[White "Bilyap, Enis"]
[Black "Patel, Yesim"]
[Result "1/2-1/2"]
[WhiteElo "2128"]
[BlackElo "1813"]
[PlyCount "44"]
[EventDate "2011.09.01"]
[EventType "swiss"]
[EventRounds "9"]
[EventCountry "TUR"]
[SourceTitle "CBM 144 Extra"]
[Source "ChessBase"]
[SourceDate "2011.10.28"]
[SourceVersion "1"]
[SourceVersionDate "2011.10.28"]
[SourceQuality "1"]

1. c4 e5 2. Nc3 Nc6 3. a3 a5 4. Nf3 f5 5. d4 e4 6. d5 exf3 7. dxc6 dxc6 8. Qxd8+ Kxd8 9. gxf3 Bd6 10. Be3 Be5 11. 0-0-0+ Ke7 12. Bd4 Bxd4 13. Rxd4 Nf6 14. e4 Be6 15. Be2 Nd7 16. Re1 Nc5 17. Kc2 Rad8 18. Rxd8 Rxd8 19. Rd1 Rxd1 20. Kxd1 Kf6 21. Kd2 Ke5 22. exf5 Bxf5 1/2-1/2

[Event "Izmir op"]
[Site "Izmir"]
[Date "2009.??.??"]
[Round "3"]
[White "Bilyap, Enis"]
[Black "Azaladze, Shota"]
[Result "0-1"]
[WhiteElo "2151"]
[BlackElo "2438"]
[PlyCount "82"]
[EventDate "2009.08.20"]
[EventType "swiss"]
[EventRounds "9"]
[EventCountry "TUR"]
[SourceTitle "CBM 131 Extra"]
[Source "ChessBase"]
[SourceDate "2009.09.03"]
[SourceVersion "2"]
[SourceVersionDate "2009.09.16"]
[SourceQuality "1"]

1. c4 g6 2. Nc3 Bg7 3. g3 c5 4. Bg2 Nc6 5. Nf3 Nh6 6. 0-0 0-0 7. d4 cxd4 8. Bxh6 dxc3 9. Bxg7 Kxg7 10. b3 d6 11. Nd4 Bd7 12. Nb5 h5 13. Qc2 h4 14. Qxc3+ f6 15. Rad1 hxg3 16. Qxg3 Qc8 17. Nc3 Rh8 18. Rd3 Rh5 19. Rd5 Rh6 20. Rfd1 Bh3 21. R5d3 Bxg2 22. Qxg2 Qf5 23. e4 Qe6 24. Rg3 Rah8 25. h3 Rxh3 26. Rxg6+ Kf7 27. Rg7+ Kf8 28. Rg3 Rxg3 29. fxg3 Qe5 30. Nd5 Kf7 31. Kf2 Qh5 32. Rd2 Ne5 33. Ne3 e6 34. b4 Ke7 35. a3 Rc8 36. Rc2 b5 37. cxb5 Rxc2+ 38. Nxc2 Qd1 39. Ke3 Ng4+ 40. Kf4 e5+ 41. Kf5 Ne3+ 0-1

[Event "Izmir op 7th"]
[Site "Izmir"]
[Date "2008.08.31"]
[Round "3"]
[White "Bilyap, Enis"]
[Black "Sanikidze, Tornike"]
[Result "0-1"]
[WhiteElo "2138"]
[BlackElo "2486"]
[PlyCount "110"]
[EventDate "2008.08.30"]
[EventType "swiss"]
[EventRounds "10"]
[EventCountry "TUR"]
[SourceTitle "CBM 126 Extra"]
[Source "ChessBase"]
[SourceDate "2008.11.05"]
[SourceVersion "1"]
[SourceVersionDate "2008.11.05"]
[SourceQuality "1"]

1. c4 e6 2. Nc3 d5 3. d4 Bb4 4. e3 Nf6 5. Nf3 0-0 6. Bd3 b6 7. 0-0 Bb7 8. cxd5 exd5 9. Bd2 a6 10. Rc1 Bd6 11. Ne5 Nbd7 12. Nxd7 Qxd7 13. Qf3 Rfe8 14. Rfe1 Ne4 15. Qe2 Re6 16. f4 Nxd2 17. Qxd2 Ree8 18. Qc2 g6 19. Rcd1 c5 20. Qf2 Qc7 21. g3 b5 22. Bf1 Rad8 23. Bg2 cxd4 24. exd4 Rxe1+ 25. Qxe1 Bf8 26. Qd2 Bg7 27. Ne2 Re8 28. Bf3 a5 29. Kg2 b4 30. Rc1 Qb6 31. Rc5 Bf8 32. Rc1 Ba6 33. f5 Bg7 34. Rc5 Bf8 35. Rc1 Bg7 36. Rc5 g5 37. g4 h6 38. b3 Bf8 39. Rc1 Bd6 40. Ng3 Bf4 41. Qc2 Bxc1 42. Qxc1 Qxd4 43. Qc6 Qd2+ 44. Kh3 Re3 45. Qa8+ Kh7 46. Qf8 Qd4 47. Qxf7+ Qg7 48. Qxd5 h5 49. Nxh5 Bb7 50. Nf6+ Qxf6 51. Qxb7+ Re7 52. Qd5 Rc7 53. Kg3 Rc2 54. h4 Qe7 55. Be4 Qc7+ 0-1

[Event "Izmir op 5th"]
[Site "Izmir"]
[Date "2006.08.11"]
[Round "2"]
[White "Bilyap, Enis"]
[Black "Bojkov, Dejan"]
[Result "0-1"]
[WhiteElo "2149"]
[BlackElo "2445"]
[PlyCount "68"]
[EventDate "2006.09.10"]
[EventType "swiss"]
[EventRounds "10"]
[EventCountry "TUR"]
[SourceTitle "EXT 2007"]
[Source "ChessBase"]
[SourceDate "2006.11.23"]
[SourceVersion "1"]
[SourceVersionDate "2006.11.23"]
[SourceQuality "1"]

1. d4 Nf6 2. Nf3 g6 3. g3 Bg7 4. Bg2 0-0 5. c4 d6 6. 0-0 Nbd7 7. Nc3 e5 8. e4 c6 9. h3 exd4 10. Nxd4 Re8 11. Be3 Nc5 12. Qc2 Qe7 13. f3 Nh5 14. Nde2 f5 15. g4 fxg4 16. hxg4 Nf6 17. Rad1 Nfd7 18. Qd2 Bf8 19. b3 Ne5 20. Bg5 Qf7 21. Qe3 a5 22. Rd2 a4 23. Nc1 axb3 24. axb3 Ra3 25. Ra2 Rxa2 26. N3xa2 Ne6 27. Bh4 d5 28. Nd3 Nxd3 29. Qxd3 Nf4 30. Qc2 Nxg2 31. Kxg2 dxe4 32. fxe4 Qe6 33. Qe2 Qxe4+ 34. Qxe4 Rxe4 0-1

[Event "Oz.com qual blitz"]
[Site "ICC INT"]
[Date "2000.03.05"]
[Round "3"]
[White "Dalmau, Jorgen Mikael"]
[Black "Bilyap, Enis"]
[Result "0-1"]
[WhiteElo "2028"]
[BlackElo "2078"]
[PlyCount "138"]
[EventDate "2000.03.05"]
[EventType "swiss (blitz)"]
[EventRounds "9"]
[EventCountry "USA"]
[SourceTitle "EXT 2001"]
[Source "ChessBase"]
[SourceDate "2000.11.22"]
[SourceVersion "1"]
[SourceVersionDate "2000.11.22"]
[SourceQuality "1"]

1. e4 c5 2. Nf3 Nc6 3. Bb5 g6 4. 0-0 Bg7 5. Re1 Nf6 6. c3 a6 7. Bf1 0-0 8. d4 cxd4 9. cxd4 d5 10. e5 Ne4 11. Be3 h6 12. Nc3 Nxc3 13. bxc3 Be6 14. Qd2 Kh7 15. Reb1 Qc7 16. Ne1 Na5 17. Nd3 Nc4 18. Qc1 Bf5 19. Rb3 Bxd3 20. Bxd3 b5 21. h4 h5 22. Qd1 Qd7 23. Qxh5+ Kg8 24. Qe2 Rfc8 25. h5 Na5 26. Rbb1 gxh5 27. Qxh5 Rxc3 28. Bf5 e6 29. Bh7+ Kf8 30. Rc1 Rac8 31. Rxc3 Rxc3 32. Rc1 Rxc1+ 33. Bxc1 Qc7 34. Bh6 Bxh6 35. Qxh6+ Ke8 36. Qg5 Qc3 37. Qf4 Nc6 38. Bg8 Nd8 39. g4 Qd3 40. Qh6 Qd1+ 41. Kh2 Qxg4 42. Qh8 Qf4+ 43. Kg1 Ke7 44. Bh7 Qxd4 45. Qf6+ Kd7 46. Kf1 Qd1+ 47. Kg2 Qg4+ 48. Kf1 b4 49. Ke1 a5 50. Bc2 Qd4 51. Ba4+ Kc8 52. Qe7 Qxe5+ 53. Kf1 Qc7 54. Qf6 Qc4+ 55. Kg2 Qxa2 56. Be8 Qc4 57. Bxf7 Nxf7 58. Qxe6+ Kc7 59. Qxf7+ Kb6 60. Qe6+ Qc6 61. Qe5 Kb5 62. f4 b3 63. Qe2+ Qc4 64. Qe8+ Kb4 65. Qb8+ Ka3 66. Qa7 a4 67. f5 Qe4+ 68. Kg3 Qxf5 69. Qc5+ Ka2 0-1

[Event "Oz.com qual blitz"]
[Site "ICC INT"]
[Date "2000.03.05"]
[Round "7"]
[White "Kosyrev, Vladimir"]
[Black "Bilyap, Enis"]
[Result "0-1"]
[WhiteElo "2474"]
[BlackElo "2078"]
[PlyCount "126"]
[EventDate "2000.03.05"]
[EventType "swiss (blitz)"]
[EventRounds "9"]
[EventCountry "USA"]
[SourceTitle "EXT 2001"]
[Source "ChessBase"]
[SourceDate "2000.11.22"]
[SourceVersion "1"]
[SourceVersionDate "2000.11.22"]
[SourceQuality "1"]

1. d4 Nf6 2. c4 c5 3. d5 b5 4. cxb5 a6 5. bxa6 Bxa6 6. Nc3 d6 7. e4 Bxf1 8. Kxf1 Nbd7 9. Nf3 g6 10. Kg1 Bg7 11. h3 0-0 12. Kh2 Qa5 13. Re1 Rfb8 14. Re2 Ne8 15. Bg5 Kf8 16. Rc1 Nc7 17. Rcc2 Na6 18. a3 Nc7 19. Qd2 Rb3 20. Bh6 Rab8 21. Bxg7+ Kxg7 22. Qf4 f6 23. Qg4 Nf8 24. h4 h5 25. Qf4 Qa6 26. g4 hxg4 27. Qxg4 Qc8 28. Qg3 Nb5 29. Nxb5 R8xb5 30. Qf4 Qb8 31. h5 Rxb2 32. h6+ Kh7 33. Rxb2 Rxb2 34. Rxb2 Qxb2 35. Qe3 Nd7 36. Kg2 Nb6 37. Qf4 Nc4 38. a4 Qa1 39. e5 Nxe5 40. Nxe5 dxe5 41. Qc4 Kxh6 42. Qb5 Qd4 43. a5 Qxd5+ 44. Kh2 Qd4 45. a6 Qxf2+ 46. Kh1 Qf3+ 47. Kh2 e4 48. Qb7 Qf2+ 49. Kh3 Qf3+ 50. Kh2 Qf2+ 51. Kh3 Qf1+ 52. Kh2 Qf2+ 53. Kh3 Qf1+ 54. Kh2 Qf2+ 55. Kh3 e3 56. a7 e2 57. a8Q e1Q 58. Qh8+ Kg5 59. Qd5+ e5 60. Qxe5+ Qxe5 61. Qh5+ Kf4 62. Qg5+ Ke4 63. Qf4+ Qfxf4 0-1